Traduction en anglais : les métiers - Statistiques

Statistiques générales
  • Ce quiz a été pris 15 112 fois
  • Le résultat moyen est 16 sur 30
Statistiques - réponses
Français Anglais % Correct
Professeur Teacher
96%
Chanteur Singer
95%
Acteur Actor
87%
Policier Policeman
81%
Cuisinier Cook
80%
Pompier Firefighter
80%
Écrivain Writer
80%
Avocat Lawyer
79%
Juge Judge
78%
Boulanger Baker
76%
Infirmière Nurse
69%
Jardinier Gardener
64%
Architecte Architect
56%
Serveur Waiter
53%
Secrétaire Secretary
50%
Boucher Butcher
49%
Coiffeur Hairdresser
47%
Chirurgien Surgeon
44%
Pêcheur Fisherman
43%
Bijoutier Jeweller
42%
Plombier Plumber
42%
Ingénieur Engineer
36%
Agriculteur Farmer
35%
Charpentier Carpenter
33%
Caissier Cashier
29%
Comptable Accountant
18%
Fleuriste Florist
18%
Mécanicien Mechanic
18%
Épicier Grocer
10%
Sage-femme Midwife
10%
Aucun quiz correspondant
Distribution des résultats
% des personnes avec chaque résultat
Percentile par nombre de réponses
Votre historique - résultats
Vous n’avez pas pris ce quiz